LEADER 00569nam a2200157 i 4500 001 000000173020 003 CaOOAMICUS 005 20080703000000.0 008 080703n it u000 u ita u 013 $a150471 040 $aSeMil$bita 245 10$aVol. 2. 773 0 $aTrollope, Anthony <1815-1882>$tTorri di Barchester.$dTorino : Unione Tipografico-Editrice Torinese, 1956.$kGrandi scrittori stranieri$w()19744 850 $aSeMil 852 $aSeMil$W1$xVenegono$y1$m1W III 41$j123871$B123871$CSeMilBibl$Z2$F135026 $81 996 $6245$aVol. 2$9(OLS)http://semarc/title/13458 LEADER 00941nam a2200217 i 4500 001 000000102196 003 CaOOAMICUS 005 20210422144407.0 008 130822s1965 it u000 u ita u 013 $a74349 040 $aSeMil$bita 245 00$aEcclesiam Suam :$ble vie della chiesa oggi : il commento della Radio Vaticana all'Ecclesiam Suam. 264 1$aRoma :$bCittà Nuova,$c1965. 300 $a158 p. ;$c21 cm. 650 4$aPaolo VI - Encicliche . Ecclesiam Suam.$0(OLS)http://semarc/subject/9829 850 $aSeMil 852 $aSeMil$W1$xVenegono$y1$m2A IV 474$j58766$B58766$CSeMilBibl$Z2$F69708 $81 961 $aRecupero: Seminario di Seveso 996 $6245$aEcclesiam Suam :$ble vie della chiesa oggi : il commento della Radio Vaticana all'Ecclesiam Suam$9(OLS)http://semarc/title/406998 996 $6264$aRoma :$bCittà Nuova$9(OLS)http://semarc/publisher/29609